| 000 | 00439nam a22001577a 4500 | ||
|---|---|---|---|
| 005 | 20251113160752.0 | ||
| 008 | 251113b |||||||| |||| 00| 0 eng d | ||
| 020 | _a978-0-9994908-2-2 | ||
| 100 | _aEMMANUEL PAUL JOHN | ||
| 245 | _aMISSIONARIES; THE CHRISTIAN SOCIAL CLUB ADVENTURE | ||
| 260 |
_aU S A _bVALENTINE PUBLISHING HOUSE _c2024 |
||
| 300 | _a187P. | ||
| 500 | _aINCLUDES AN INDEX | ||
| 650 | _aMISSIONARIES | ||
| 942 |
_2lcc _cBK |
||
| 999 |
_c216188 _d216188 |
||